[Event "Quebec-ch classe"]
[Site "Trois Rivieres"]
[Date "2009.10.09"]
[Round "1"]
[White "Auger, Bertrand"]
[Black "Trinh, Tri Bao"]
[Result "1-0"]
[WhiteElo "1907"]
[BlackElo "2097"]
[PlyCount "61"]
[EventDate "2009.10.09"]
[EventType "swiss"]
[EventRounds "5"]
[EventCountry "CAN"]
[SourceTitle "EXT 2011"]
[Source "ChessBase"]
[SourceDate "2010.11.26"]
[SourceVersion "1"]
[SourceVersionDate "2010.11.26"]
[SourceQuality "1"]

1. c4 e6 2. d4 d5 3. Nc3 Nf6 4. e3 c6 5. Nf3 Nbd7 6. Bd3 Be7 7. 0-0 0-0 8. Ne5 dxc4 9. Nxc4 c5 10. Qc2 cxd4 11. exd4 Nb6 12. Nxb6 Qxb6 13. Be3 Qa5 14. Ne4 Nd5 15. Bd2 Qb6 16. Nc5 g6 17. a3 Bf6 18. Nb3 Bd7 19. Ba5 Qd6 20. Qc5 Qxc5 21. Nxc5 Bc6 22. Bc3 Nf4 23. Rfd1 Bxg2 24. Nd7 Bg5 25. Nxf8 Rxf8 26. b4 Bh4 27. Bd2 Nxd3 28. Kxg2 Nxf2 29. Rf1 Ne4 30. Bh6 Rd8 31. Rf4 1-0

[Event "Mauricie op"]
[Site "Trois Rivieres"]
[Date "2009.03.21"]
[Round "3"]
[White "Trinh, Tri Bao"]
[Black "Rainfray, Arnaud"]
[Result "0-1"]
[WhiteElo "2066"]
[BlackElo "2393"]
[PlyCount "56"]
[EventDate "2009.03.20"]
[EventType "swiss"]
[EventRounds "5"]
[EventCountry "CAN"]
[SourceTitle "EXT 2011"]
[Source "ChessBase"]
[SourceDate "2010.11.26"]
[SourceVersion "1"]
[SourceVersionDate "2010.11.26"]
[SourceQuality "1"]

1. c4 e6 2. Nf3 d5 3. b3 Nf6 4. Bb2 c5 5. cxd5 exd5 6. d4 cxd4 7. Nxd4 Bb4+ 8. Bc3 Bc5 9. e3 0-0 10. Nd2 Nc6 11. Nxc6 bxc6 12. Be2 Qe7 13. 0-0 Bf5 14. Bb2 Ba3 15. Qc1 Bxb2 16. Qxb2 c5 17. Bf3 Rfd8 18. Rac1 Ng4 19. Qa3 Rac8 20. Qa4 Ne5 21. Be2 d4 22. exd4 Rxd4 23. Nc4 Ng6 24. Rfe1 Re4 25. Qa5 Nh4 26. Ne3 Rxe3 27. fxe3 Qxe3+ 28. Kh1 Nxg2 0-1

[Event "Lanaudiere"]
[Site "Repentigny"]
[Date "2008.08.16"]
[Round "4"]
[White "Trinh, Tri Bao"]
[Black "Hebert, Jean"]
[Result "0-1"]
[WhiteElo "2089"]
[BlackElo "2444"]
[PlyCount "52"]
[EventDate "2008.08.15"]
[EventType "swiss"]
[EventRounds "5"]
[EventCountry "CAN"]
[SourceTitle "EXT 2011"]
[Source "ChessBase"]
[SourceDate "2010.11.26"]
[SourceVersion "1"]
[SourceVersionDate "2010.11.26"]
[SourceQuality "1"]

1. c4 Nf6 2. Nf3 e6 3. g3 b6 4. Bg2 Bb7 5. 0-0 c5 6. Nc3 a6 7. d4 cxd4 8. Nxd4 Bxg2 9. Kxg2 Qc7 10. Qd3 Nc6 11. b3 Ne5 12. Qe3 h5 13. h3 Bc5 14. Na4 Qb7+ 15. f3 Ng6 16. Nxc5 bxc5 17. Nf5 0-0 18. Nd6 Qc6 19. Rd1 h4 20. Ba3 hxg3 21. Kxg3 Rfc8 22. Nxc8 Rxc8 23. Qd2 d5 24. cxd5 Qd6+ 25. Kg2 Nh4+ 26. Kf2 Ne4+ 0-1

[Event "Lanaudiere"]
[Site "Repentigny"]
[Date "2008.08.15"]
[Round "2"]
[White "Bolduc, Steve"]
[Black "Trinh, Tri Bao"]
[Result "1-0"]
[WhiteElo "2314"]
[BlackElo "2089"]
[PlyCount "85"]
[EventDate "2008.08.15"]
[EventType "swiss"]
[EventRounds "5"]
[EventCountry "CAN"]
[SourceTitle "EXT 2011"]
[Source "ChessBase"]
[SourceDate "2010.11.26"]
[SourceVersion "1"]
[SourceVersionDate "2010.11.26"]
[SourceQuality "1"]

1. d4 Nf6 2. c4 e6 3. Nc3 Bb4 4. g3 d5 5. Nf3 0-0 6. Bg2 c5 7. cxd5 Nxd5 8. Bd2 Nc6 9. Nxd5 Bxd2+ 10. Nxd2 exd5 11. dxc5 Qf6 12. 0-0 Qxb2 13. Qc1 Qe5 14. Re1 Bf5 15. Nf3 Qf6 16. Qf4 Qe6 17. Nd4 Nxd4 18. Qxd4 Be4 19. f3 Bg6 20. Rad1 b6 21. Rc1 Rfe8 22. h4 h6 23. Bf1 Qe3+ 24. Qxe3 Rxe3 25. c6 Rc8 26. Red1 Bf5 27. Rxd5 Be6 28. Rd2 Kf8 29. Kf2 Ra3 30. Rcc2 Rc7 31. e4 Ra5 32. f4 f6 33. f5 Bf7 34. Ke3 Be8 35. Rd6 Re5 36. Kf4 Ke7 37. Rd5 Rxd5 38. exd5 Bf7 39. Bg2 Kd6 40. Ke3 Re7+ 41. Kd4 Kc7 42. a4 Re1 43. d6+ 1-0

[Event "St Jean op"]
[Site "St Jean sur Richelieu"]
[Date "2008.06.15"]
[Round "4"]
[White "Trinh, Tri Bao"]
[Black "Giroux, Robert"]
[Result "1/2-1/2"]
[WhiteElo "2120"]
[BlackElo "1979"]
[PlyCount "31"]
[EventDate "2008.06.13"]
[EventType "swiss"]
[EventRounds "5"]
[EventCountry "CAN"]
[SourceTitle "EXT 2011"]
[Source "ChessBase"]
[SourceDate "2010.11.26"]
[SourceVersion "1"]
[SourceVersionDate "2010.11.26"]
[SourceQuality "1"]

1. e4 g6 2. Nf3 Bg7 3. d4 c5 4. dxc5 Qa5+ 5. Bd2 Qxc5 6. Bc3 Nf6 7. Bd3 d5 8. exd5 Qxd5 9. 0-0 Bg4 10. Nbd2 Nc6 11. h3 Bxf3 12. Qxf3 Qxf3 13. Nxf3 a6 14. Rfe1 0-0 15. a4 e6 16. Rad1 1/2-1/2

[Event "Canadian op"]
[Site "Ottawa"]
[Date "2007.07.10"]
[Round "5"]
[White "Yermolinsky, Alex"]
[Black "Trinh, Tri Bao"]
[Result "1-0"]
[WhiteElo "2517"]
[BlackElo "2026"]
[PlyCount "51"]
[EventDate "2007.07.07"]
[EventType "swiss"]
[EventRounds "10"]
[EventCountry "CAN"]
[SourceTitle "EXT 2022"]
[Source "ChessBase"]
[SourceDate "2021.10.06"]
[SourceVersion "1"]
[SourceVersionDate "2021.10.06"]
[SourceQuality "1"]

1. d4 Nf6 2. c4 e6 3. Nf3 Bb4+ 4. Nbd2 Nc6 5. g3 d6 6. Bg2 Qe7 7. 0-0 Bxd2 8. Bxd2 Ne4 9. d5 Nxd2 10. Qxd2 Nd8 11. Rac1 e5 12. c5 dxc5 13. Qc3 f6 14. Nd2 Bg4 15. Qxc5 Qxc5 16. Rxc5 Rc8 17. Rfc1 Bxe2 18. Bh3 Rb8 19. Rxc7 0-0 20. Nc4 Bf3 21. Ne3 Bh5 22. b4 Be8 23. d6 Bc6 24. Nf5 Rf7 25. Bf1 Bd7 26. Ne7+ 1-0

[Event "Canadian op"]
[Site "Ottawa"]
[Date "2007.07.09"]
[Round "4"]
[White "Trinh, Tri Bao"]
[Black "Barron, Michael"]
[Result "1-0"]
[WhiteElo "2026"]
[BlackElo "2228"]
[PlyCount "81"]
[EventDate "2007.07.07"]
[EventType "swiss"]
[EventRounds "10"]
[EventCountry "CAN"]
[SourceTitle "EXT 2022"]
[Source "ChessBase"]
[SourceDate "2021.10.06"]
[SourceVersion "1"]
[SourceVersionDate "2021.10.06"]
[SourceQuality "1"]

1. c4 f5 2. Nc3 Nf6 3. g3 g6 4. Bg2 Bg7 5. Nf3 d6 6. 0-0 e5 7. d3 Nc6 8. Bg5 h6 9. Bxf6 Bxf6 10. Rb1 a5 11. a3 0-0 12. Nd2 Nd4 13. e3 Ne6 14. b4 axb4 15. axb4 f4 16. Nd5 Bg7 17. b5 Ra3 18. Be4 Nc5 19. Bxg6 c6 20. Qc1 cxd5 21. Qxa3 Qg5 22. d4 Qxg6 23. dxc5 f3 24. cxd5 e4 25. Qb4 Bf5 26. c6 Qg4 27. Kh1 b6 28. Qxd6 Qh3 29. Rg1 Bg4 30. Qe7 Rf5 31. Qh4 Rxd5 32. Nxe4 Kf7 33. Qxh3 Bxh3 34. Rgd1 Re5 35. Nd6+ Ke7 36. Nc4 Rc5 37. Nxb6 Rc2 38. Kg1 h5 39. Nd5+ Kf7 40. Nf4 Bg4 41. Rdc1 1-0

[Event "Quebec-ch qual 2"]
[Site "Montreal"]
[Date "2007.05.18"]
[Round "1"]
[White "Trinh, Tri Bao"]
[Black "Lindsay, Robin"]
[Result "1-0"]
[WhiteElo "2048"]
[BlackElo "1720"]
[PlyCount "41"]
[EventDate "2007.05.18"]
[EventType "swiss"]
[EventRounds "5"]
[EventCountry "CAN"]
[SourceTitle "EXT 2022"]
[Source "ChessBase"]
[SourceDate "2021.10.06"]
[SourceVersion "1"]
[SourceVersionDate "2021.10.06"]
[SourceQuality "1"]

1. e4 Nc6 2. d4 e5 3. Nf3 exd4 4. Bc4 Be7 5. c3 d3 6. Qb3 Na5 7. Bxf7+ Kf8 8. Qa4 Kxf7 9. Qxa5 d6 10. Qd5+ Kf8 11. Qxd3 Bd7 12. Be3 Nf6 13. Nbd2 h6 14. 0-0 Qe8 15. e5 Ng4 16. Bf4 dxe5 17. Bxe5 Rc8 18. Rfe1 Bc6 19. Qf5+ Nf6 20. Bxf6 gxf6 21. Rxe7 1-0

[Event "Montreal Myriam Roy"]
[Site "Montreal"]
[Date "2006.07.23"]
[Round "6"]
[White "Trinh, Tri Bao"]
[Black "Lacroix, Serge"]
[Result "1/2-1/2"]
[WhiteElo "2046"]
[BlackElo "2069"]
[PlyCount "47"]
[EventDate "2006.07.01"]
[EventType "tourn"]
[EventRounds "9"]
[EventCountry "CAN"]
[SourceTitle "EXT 2007"]
[Source "ChessBase"]
[SourceDate "2006.11.23"]
[SourceVersion "1"]
[SourceVersionDate "2006.11.23"]
[SourceQuality "1"]

1. c4 e5 2. Nc3 Nf6 3. g3 Bb4 4. Bg2 0-0 5. Nf3 Re8 6. 0-0 d6 7. d3 Nc6 8. Bd2 Bg4 9. h3 Bxf3 10. Bxf3 Qd7 11. Bg2 Bxc3 12. Bxc3 Rab8 13. Kh2 d5 14. cxd5 Nxd5 15. Rc1 Nxc3 16. Rxc3 Nd4 17. e3 Nb5 18. Rc5 c6 19. Qc2 Rbd8 20. Rd1 h6 21. b4 a6 22. a4 Nc7 23. d4 exd4 24. Rxd4 1/2-1/2

[Event "Montreal Myriam Roy"]
[Site "Montreal"]
[Date "2006.07.22"]
[Round "3"]
[White "Tremblay, Alain"]
[Black "Trinh, Tri Bao"]
[Result "1/2-1/2"]
[WhiteElo "2073"]
[BlackElo "2046"]
[PlyCount "26"]
[EventDate "2006.07.01"]
[EventType "tourn"]
[EventRounds "9"]
[EventCountry "CAN"]
[SourceTitle "EXT 2007"]
[Source "ChessBase"]
[SourceDate "2006.11.23"]
[SourceVersion "1"]
[SourceVersionDate "2006.11.23"]
[SourceQuality "1"]

1. e4 d6 2. d4 Nf6 3. Nc3 g6 4. Nf3 Bg7 5. Be2 0-0 6. 0-0 c6 7. a4 Qc7 8. Re1 e5 9. dxe5 dxe5 10. Bc4 Nbd7 11. Qe2 b6 12. b3 Bb7 13. Ba3 Nc5 1/2-1/2

[Event "Quebec-ch op"]
[Site "Montreal"]
[Date "2006.07.12"]
[Round "6"]
[White "Trinh, Tri Bao"]
[Black "Forget, David"]
[Result "1/2-1/2"]
[WhiteElo "2011"]
[BlackElo "1929"]
[PlyCount "47"]
[EventDate "2006.07.07"]
[EventType "swiss"]
[EventRounds "9"]
[EventCountry "CAN"]
[SourceTitle "CBM 113 Extra"]
[Source "ChessBase"]
[SourceDate "2006.09.14"]
[SourceVersion "1"]
[SourceVersionDate "2006.09.14"]
[SourceQuality "1"]

1. e4 e6 2. d4 d5 3. e5 c5 4. c3 Nc6 5. Nf3 Bd7 6. Bd3 cxd4 7. cxd4 Qb6 8. 0-0 Nxd4 9. Nxd4 Qxd4 10. Nc3 a6 11. Qe2 Ne7 12. Kh1 Nc6 13. f4 Nb4 14. Bb1 Bc5 15. a3 Nc6 16. Nd1 Ba7 17. Be3 Qa4 18. Nc3 Qa5 19. Bxa7 Nxa7 20. Qg4 g6 21. Qh4 Qd8 22. Qh6 Ke7 23. Qg5+ Kf8 24. Qh6+ 1/2-1/2

[Event "Quebec-ch op"]
[Site "Montreal"]
[Date "2006.07.07"]
[Round "1"]
[White "Trinh, Tri Bao"]
[Black "Luksza, Arkadiusz"]
[Result "0-1"]
[WhiteElo "2046"]
[BlackElo "2131"]
[PlyCount "64"]
[EventDate "2006.07.07"]
[EventType "swiss"]
[EventRounds "9"]
[EventCountry "CAN"]
[SourceTitle "CBM 113 Extra"]
[Source "ChessBase"]
[SourceDate "2006.09.14"]
[SourceVersion "1"]
[SourceVersionDate "2006.09.14"]
[SourceQuality "1"]

1. e4 e6 2. Nf3 d5 3. Nc3 Nf6 4. e5 Nfd7 5. d4 c5 6. dxc5 Bxc5 7. Bd3 Nc6 8. Bf4 a6 9. 0-0 b5 10. Re1 Bb7 11. h4 h6 12. Qd2 Bb4 13. a3 Be7 14. g3 Rc8 15. Ne2 Nc5 16. Ned4 Nxd3 17. Qxd3 Nxd4 18. Nxd4 Bc5 19. c3 Qe7 20. Be3 0-0 21. f4 Qd7 22. Kh2 f6 23. exf6 Rxf6 24. Bg1 Re8 25. Re2 Bc8 26. Nf3 e5 27. Bxc5 e4 28. Qd4 Qh3+ 29. Kg1 Rg6 30. Nh2 Rxg3+ 31. Kh1 Bg4 32. Qxd5+ Kh8 0-1

[Event "St Jean op"]
[Site "St Jean sur Richelieu"]
[Date "2006.06.25"]
[Round "6"]
[White "Trinh, Tri Bao"]
[Black "Kraiouchkine, Nikita"]
[Result "1/2-1/2"]
[WhiteElo "2011"]
[BlackElo "2066"]
[PlyCount "35"]
[EventDate "2006.06.23"]
[EventType "swiss"]
[EventRounds "6"]
[EventCountry "CAN"]
[SourceTitle "CBM 113 Extra"]
[Source "ChessBase"]
[SourceDate "2006.09.14"]
[SourceVersion "1"]
[SourceVersionDate "2006.09.14"]
[SourceQuality "1"]

1. e4 e5 2. Nf3 Nc6 3. d4 exd4 4. Bc4 Nf6 5. 0-0 Be7 6. e5 Ne4 7. Bd5 Nc5 8. Re1 0-0 9. Nxd4 Nxd4 10. Qxd4 c6 11. Bf3 d5 12. exd6 Qxd6 13. Qxd6 Bxd6 14. Be3 Bf5 15. Nd2 Ne6 16. Ne4 Bc7 17. Rad1 Rfd8 18. c3 1/2-1/2

[Event "Mauricie op"]
[Site "Trois Rivieres"]
[Date "2005.03.18"]
[Round "1"]
[White "Trinh, Tri Bao"]
[Black "Prahov, Valentin Asenov"]
[Result "1/2-1/2"]
[WhiteElo "2004"]
[BlackElo "2221"]
[PlyCount "51"]
[EventDate "2005.03.??"]
[EventType "swiss"]
[EventRounds "5"]
[EventCountry "CAN"]
[SourceTitle "EXT 2006"]
[Source "ChessBase"]
[SourceDate "2005.11.24"]
[SourceVersion "1"]
[SourceVersionDate "2005.11.24"]
[SourceQuality "1"]

1. e4 c5 2. c3 d5 3. exd5 Qxd5 4. d4 Nf6 5. Nf3 e6 6. Bd3 Be7 7. 0-0 0-0 8. Re1 Nc6 9. Be3 Rd8 10. Qe2 cxd4 11. cxd4 Bd7 12. Nc3 Qh5 13. a3 Be8 14. Bc4 Rac8 15. b4 a6 16. Rac1 Bd6 17. h3 h6 18. Qa2 Ne7 19. Ne5 Bxe5 20. dxe5 Nfd5 21. Bxd5 Nxd5 22. Nxd5 exd5 23. Rxc8 Rxc8 24. Qxd5 Bc6 25. Qd6 Re8 26. Bf4 1/2-1/2

[Event "Quebec op"]
[Site "Montreal"]
[Date "2004.07.21"]
[Round "6"]
[White "Trinh, Tri Bao"]
[Black "Dumouchel, Alain"]
[Result "0-1"]
[WhiteElo "2017"]
[BlackElo "2101"]
[PlyCount "58"]
[EventDate "2004.07.17"]
[EventType "swiss"]
[EventRounds "9"]
[EventCountry "CAN"]
[SourceTitle "CBM 101 Extra"]
[Source "ChessBase"]
[SourceDate "2004.09.01"]
[SourceVersion "2"]
[SourceVersionDate "2004.09.01"]
[SourceQuality "1"]

1. e4 e5 2. Nf3 Nc6 3. d4 exd4 4. Bc4 Nf6 5. 0-0 Nxe4 6. Re1 d5 7. Bxd5 Qxd5 8. Nc3 Qa5 9. Nxe4 Be6 10. Bd2 Qd5 11. Bg5 Be7 12. Bxe7 Kxe7 13. Qd2 Rad8 14. Qf4 Kd7 15. c4 Qf5 16. Qd2 Kc8 17. Ng3 Qa5 18. Qxa5 Nxa5 19. b3 d3 20. Rad1 Nc6 21. Re3 Nb4 22. a4 Bg4 23. h3 Bxf3 24. Rxf3 Rd7 25. Nf1 Re8 26. Re3 Rde7 27. Rde1 Kd7 28. f3 Rxe3 29. Rxe3 d2 0-1

[Event "Le Bolduc-B 2nd"]
[Site "Montreal"]
[Date "2003.10.15"]
[Round "8"]
[White "Trinh, Tri Bao"]
[Black "Cazelais, Marc"]
[Result "1/2-1/2"]
[WhiteElo "2059"]
[BlackElo "2166"]
[PlyCount "20"]
[EventDate "2003.09.??"]
[EventType "tourn"]
[EventRounds "11"]
[EventCountry "CAN"]
[SourceTitle "EXT 2006"]
[Source "ChessBase"]
[SourceDate "2005.11.24"]
[SourceVersion "1"]
[SourceVersionDate "2005.11.24"]
[SourceQuality "1"]

1. e4 c6 2. d4 g6 3. Nc3 d5 4. Nf3 Bg7 5. Be3 Bg4 6. Be2 dxe4 7. Nxe4 Nd7 8. h3 Bxf3 9. Bxf3 Ngf6 10. 0-0 Nxe4 1/2-1/2

[Event "Quebec op"]
[Site "Montreal"]
[Date "2003.07.22"]
[Round "6"]
[White "Trinh, Tri Bao"]
[Black "Laptos, Krzysztof"]
[Result "0-1"]
[WhiteElo "2045"]
[BlackElo "2231"]
[PlyCount "36"]
[EventDate "2003.07.19"]
[EventType "swiss"]
[EventRounds "9"]
[EventCountry "CAN"]
[SourceTitle "CBM 095 Extra"]
[Source "ChessBase"]
[SourceDate "2003.09.04"]
[SourceVersion "1"]
[SourceVersionDate "2003.09.04"]
[SourceQuality "1"]

1. e4 g6 2. d4 Bg7 3. Nc3 c6 4. Bc4 d6 5. Nf3 Nd7 6. 0-0 e6 7. Bf4 Qc7 8. d5 e5 9. dxc6 bxc6 10. Be3 Ngf6 11. Qd2 Nb6 12. Bxb6 axb6 13. Rfd1 Ke7 14. a4 Ng4 15. Qe3 h5 16. h3 Bh6 17. Qd3 Be6 18. Bxe6 fxe6 0-1

[Event "Laval op 19th"]
[Site "Laval"]
[Date "2002.04.19"]
[Round "1"]
[White "Trinh, Tri Bao"]
[Black "Bolduc, Steve"]
[Result "1-0"]
[WhiteElo "2076"]
[BlackElo "2268"]
[PlyCount "119"]
[EventDate "2002.04.19"]
[EventType "swiss"]
[EventRounds "5"]
[EventCountry "CAN"]
[SourceTitle "EXT 2022"]
[Source "ChessBase"]
[SourceDate "2021.10.06"]
[SourceVersion "1"]
[SourceVersionDate "2021.10.06"]
[SourceQuality "1"]

1. e4 c6 2. d4 d5 3. exd5 cxd5 4. Bd3 Nc6 5. c3 Nf6 6. h3 e5 7. dxe5 Nxe5 8. Qe2 Qe7 9. Bb5+ Bd7 10. Bxd7+ Nfxd7 11. Be3 Rc8 12. Nd2 Nc5 13. 0-0-0 Qe6 14. Ndf3 Nxf3 15. Nxf3 Be7 16. Rhe1 0-0 17. Bxc5 Bxc5 18. Qxe6 fxe6 19. Rxe6 d4 20. c4 Rf4 21. Rde1 d3 22. R1e4 Rff8 23. Kd2 Rfd8 24. Ne1 Bb4+ 25. Kd1 b5 26. b3 Ba3 27. R6e5 a6 28. Rd5 bxc4 29. Rxc4 Rxd5 30. Rxc8+ Kf7 31. Rc3 d2 32. Nc2 Bc5 33. Ne3 Rg5 34. g3 Bb4 35. Rd3 Rc5 36. Nc4 Rh5 37. h4 g5 38. Rd5 h6 39. Nxd2 Ke6 40. Rd4 Bc5 41. Re4+ Kd5 42. Ke2 gxh4 43. gxh4 Rf5 44. f3 Rf7 45. Rg4 Re7+ 46. Ne4 Kd4 47. Rg6 Bb4 48. Rxa6 Rc7 49. Ra4 Rc2+ 50. Kf1 Ke3 51. Rxb4 Kxf3 52. Ke1 Rxa2 53. Nc3 Rh2 54. Re4 Rc2 55. Rc4 Rh2 56. Nd5 Re2+ 57. Kd1 Rh2 58. b4 h5 59. b5 Rb2 60. Rb4 1-0